000 00313nam a22001217a 4500
008 180519b xxu||||| |||| 00| 0 eng d
041 _aeng
080 _a043.3
100 _a0
101 _aSHKI-MA
245 _aSiguria e komunikimit zanor permes protokollit IP (VoIP Security)
_cRamadani, L.L
942 _2udc
_cBK
999 _c46044
_d46044